| 000 | 00662nam a2200193 i 4500 | ||
|---|---|---|---|
| 001 | 83508 | ||
| 003 | ES-MaACL | ||
| 005 | 20240524062954.0 | ||
| 007 | t| | ||
| 008 | 041117s1910 sp ||||1| spa d | ||
| 080 | _a821.111(73)-34"18" | ||
| 100 | 0 |
_aIrving, Washington, _d1783-1859 _965506 |
|
| 245 | 1 | 0 |
_aCuentos de la Alhambra / _cpor Washington Irving ; versión española con una noticia biográfica sobre el autor y sus obras por Pedro Umbert. |
| 260 |
_aBarcelona : _b[s.n., _c1910] ( _fHenrich y Cª) |
||
| 300 |
_a110 p. : _bil. ; _c25 cm. |
||
| 700 | 1 |
_aUmbert, Pedro. _9111970 |
|
| 852 |
_aES-MaACL _jF-8222 |
||
| 999 |
_c83508 _d83508 |
||